000 01403nam a2200349Ia 4500
001 ebr10342314
003 CaPaEBR
006 m u
007 cr cn|||||||||
008 080115s2008 enka sb 001 0 eng d
010 _z 2008001737
020 _z9781845533953
020 _z9781845533960
040 _aCaPaEBR
_cCaPaEBR
035 _a(OCoLC)503441950
050 1 4 _aP149
_b.F35 2008eb
082 0 4 _a415
_222
100 1 _aFawcett, Robin P.
245 1 0 _aInvitation to systemic functional linguistics through the Cardiff grammar
_h[electronic resource] :
_ban extension and simplification of Halliday's systemic functional grammar /
_cRobin P. Fawcett.
250 _a3rd ed.
260 _aLondon ;
_aOakville :
_bEquinox,
_c2008.
300 _av, 272 p. :
_bill.
490 1 _aEquinox textbooks and surveys in linguistics
504 _aIncludes bibliographical references and index.
533 _aElectronic reproduction.
_bPalo Alto, Calif. :
_cebrary,
_d2011.
_nAvailable via World Wide Web.
_nAccess may be limited to ebrary affiliated libraries.
650 0 _aSystemic grammar.
650 0 _aLinguistics.
655 7 _aElectronic books.
_2local
710 2 _aebrary, Inc.
830 0 _aEquinox textbooks and surveys in linguistics.
856 4 0 _uhttp://site.ebrary.com/lib/rucke/Doc?id=10342314
_zAn electronic book accessible through the World Wide Web; click to view
999 _c155574
_d155574